Dinozaury-Quiz tekstowy - Statystyki

Ogólne statystyki
  • Ten quiz został rozwiązany 148 razy
  • Średni wynik to 10 z 15
Statystyki odpowiedzi
Hint Odpowiedź % Poprawnych
Znany przez wielu z filmu
"Jurassic Park III" z płetwą
na grzbiecie
żył w okresie Kredy
Spinozaur
98%
Roślinożerca z "pancerzem"
na plecach i maczugą na
ogonie
żył w późnej Kredzie
Ankylozaur
94%
Dinozaur z ogromnymi płytami
kostnymi wzdłuż grzbietu
to jeden z najbardziej rozpoznawalnych
dinozaurów z okresu Jury
Stegozaur
85%
Długi na ponad 25 metrów
zauropod z ogromnym
ogonem
żył w okresie Jury
Diplodok
83%
Ogromny mięsożerca żyjący na
terenach Argentyny
większy od Tyranozaura
późna Kreda
Giganotozaur
83%
Mięsożerca z rogami nad oczami
i małymi łapkami
żył w późnej Kredzie
Karnotaur
80%
Drapieżnik z długim pyskiem
idealnym do łowienia ryb
i ogromnym pazurem na kciuku
żył we wczesnej Kredzie
Barionyks
79%
Jeden z najmniejszych
dinozaurów (1m długość)
żył w późnej Jurze
Kompsognat
79%
Duży drapieżnik z okresu Jury osiągający
długość około 8-12 metrów
charakteryzował się dużą silną głową
i potężnymi szczękami
zwinniejszy od T-Rexa
Allozaur
70%
Żyjący w późnej kredzie
roślinożerca z grupy Hadrozaurów
posiadał charakterystyczny długi
grzebień na głowie
Parazaurolof
68%
10 metrowy w długości
teropod z ogromnymi pazurami
którego dieta składała się głównie z roślin
żył pod koniec okresu Kredy
Terizinozaur
64%
Jeden z najbardziej znanych dinozaurów
z okresu Triasu osiągający długość około
3 metrów ze smukła sylwetką długimi
nogami i szyją
Celofyz
42%
Kredowy przedstawiciel Zauropodów
z wielką szyją i 10-13 metrami długości
posiadał masywne ciało oraz
silne i szerokie tylnie nogi pomagające mu
utrzymać równowagę
Euhelop
41%
Hadrozaur z "kaczym dziobem"
jeden z najlepiej zachowanych
dinozaurów
późna Kreda
Edmontozaur
39%
Osiągający długoś od 9 do 13 metrów
dinozaur którego zęby przypominały
zęby dzisiejszych jaszczurek
żył we wczesnej Kredzie na terenach
dzisiejszej Belgii czy Niemiec
Iguanodon
26%
Nie znaleziono quizów pasujących do podanych kryteriów
Rozkład punktacji
Procent ludzi z każdym wynikiem
Percentyl według liczby udzielonych odpowiedzi
Twoja historia wyników
Nie rozwiązałeś tego quizu